Movies Quiz

Random Movies or Disney Quiz

Movie Downvote GIFs Quiz Stats

Quiz Updated May 28, 2015

Challenge
Share
Tweet
Score 0/17 Timer 08:00
0 Plays Today
% Correct
Lord of the Rings: The Fellowship of the Ring
94.5%
The Avengers
94.3%
Elf
93.2%
Jurassic Park
91.4%
Star Wars
91.1%
The Shining
89.1%
The Matrix
87.2%
Iron Man
86.9%
Hercules
85.5%
% Correct
The Emperor's New Groove
76.2%
Groundhog Day
74.3%
Shaun of the Dead
72.3%
Dodgeball: A True Underdog Story
71.1%
Pirates of the Caribbean: At World's End
68%
Inglourious Basterds
67.4%
Face/Off
54.3%
Wanted
49.1%

You're not logged in!

Compare scores with friends on all Sporcle quizzes.
Sign Up with Email
OR
Log In

You Might Also Like...

Show Comments

Extras

Top Quizzes Today


Score Distribution

Your Account Isn't Verified!

In order to create a playlist on Sporcle, you need to verify the email address you used during registration. Go to your Sporcle Settings to finish the process.